Bhāratīya netāoṃ kī Hindī-sevā. (Record no. 67143)
[ view plain ]
| 000 -LEADER | |
|---|---|
| fixed length control field | 00693cam a22002651 4500 |
| 001 - CONTROL NUMBER | |
| control field | sa 66000238 |
| 003 - CONTROL NUMBER IDENTIFIER | |
| control field | DLC |
| 005 - DATE AND TIME OF LATEST TRANSACTION | |
| control field | 20260227112213.0 |
| 008 - FIXED-LENGTH DATA ELEMENTS--GENERAL INFORMATION | |
| fixed length control field | 890724s1962 ii c b 000 0 hino |
| 010 ## - LIBRARY OF CONGRESS CONTROL NUMBER | |
| LC control number | sa 66000238 |
| 035 ## - SYSTEM CONTROL NUMBER | |
| System control number | (OCoLC)20060094 |
| 040 ## - CATALOGING SOURCE | |
| Original cataloging agency | DLC |
| Transcribing agency | WaU |
| Modifying agency | DLC |
| 042 ## - AUTHENTICATION CODE | |
| Authentication code | premarc |
| 043 ## - GEOGRAPHIC AREA CODE | |
| Geographic area code | a-ii--- |
| 050 00 - LIBRARY OF CONGRESS CALL NUMBER | |
| Classification number | PK1931 |
| Item number | .D3 |
| 100 1# - MAIN ENTRY--PERSONAL NAME | |
| Personal name | Darbar, Gyanvati, |
| Dates associated with a name | 1925- |
| 245 10 - TITLE STATEMENT | |
| Title | Bhāratīya netāoṃ kī Hindī-sevā. |
| 260 ## - PUBLICATION, DISTRIBUTION, ETC. | |
| Date of publication, distribution, etc. | 1961 [i.e. 1962] |
| 300 ## - PHYSICAL DESCRIPTION | |
| Extent | 479 p. |
| Other physical details | ports. |
| Dimensions | 22 cm. |
| 500 ## - GENERAL NOTE | |
| General note | In Hindi. |
| 504 ## - BIBLIOGRAPHY, ETC. NOTE | |
| Bibliography, etc. note | Bibliography: p. [461]-479. |
| 650 #0 - SUBJECT ADDED ENTRY--TOPICAL TERM | |
| Topical term or geographic name entry element | Hindi language |
| General subdivision | History. |
| 651 #0 - SUBJECT ADDED ENTRY--GEOGRAPHIC NAME | |
| Geographic name | India |
| Form subdivision | Biography. |
| 651 #0 - SUBJECT ADDED ENTRY--GEOGRAPHIC NAME | |
| Geographic name | India |
| General subdivision | Languages. |
No items available.